000 00581nam a2200205 i 4500
001 145661
003 ES-MaACL
005 20250818063101.0
007 t|
008 071015s1953 sp ||||1| spa d
100 1 _aVerne, Jules,
_d1828-1905
_9188654
245 1 0 _aFamilia sin nombre /
_cJulio Verne ; [traducción de E. M.].
260 _a[Barcelona] :
_bMolino,
_c[1953]
300 _a224 p. :
_bil. ;
_c21 cm.
490 1 _aMolino
700 1 _aE. M.
_946428
830 0 _aMolino
_9220787
852 _aES-MaACL
_jC-7820
_bR.35253
999 _c145661
_d145661